Keskimankici ? (click quiz) - Statistiques

Statistiques générales
  • Ce quiz a été pris 58 fois
  • Le résultat moyen est 7 sur 8
Statistiques - réponses
Hint Réponse % Correct
"L'éternité, c'est long, surtout vers la fin" Point
94%
Quand on est intelligent il est plus facile de faire l'imbécile que l'inverse. Virgule
92%
Un conducteur dangereux, c'est celui qui vous dépasse malgré tous vos efforts pour l'en empecher. Accent circonflexe
85%
J'ai des questions à toutes vos Réponses. Minuscule
85%
Si dieu existe, j'espère qu'il a une bonne excuse. Majuscule
83%
Je tiens beaucoup à ma montre, c'est mon grandpère qui me l'a vendue sur son lit de mort. Tiret
83%
Si votre psychanalyste s'endort devant vous, il y a un truc infaillible pour le réveiller ouvrez doucement votre portefeuille. Deux-points
71%
Pourquoi nos jours sont-ils comptés et non pas, disons, chiffrés Point d'interrogation
62%
Aucun quiz correspondant
Distribution des résultats
% des personnes avec chaque résultat
Percentile par nombre de réponses
Votre historique - résultats
Vous n’avez pas pris ce quiz